000 00377nam a2200157 a 4500
001 2679
005 20140414131902.0
008 050924s19uu xx 00 eng d
050 _aFIC
_bD54 #56
100 _aFranklin W. Dixon
245 _aThe jungle pyramid.
260 _aNew York :
_bGrosset and Dunlap.
300 _ap. ; cm.
440 _aHardy boys
999 _c110725
_d110725